Differenciaľnoje i integraľnoje isčislenije dľa vtuzov. Tom 2 /

Salvato in:
Dettagli Bibliografici
Autore principale: Piskunov, Nikolaj Semionovič (Autore)
Natura: Libro
Lingua:russo
Pubblicazione: Moskva : Nauka, 1985
Edizione:13. izd.
Soggetti:
Tags: Aggiungi Tag
Nessun Tag, puoi essere il primo ad aggiungerne!!

MARC

LEADER 00000nam a22000003a 4500
001 stu89743
005 20150617225623.8
008 040830s1985----xxr-----------------rus-d
040 |a STU  |b slo 
041 0 |a rus 
044 |a xxr 
080 |a 517.2/.3  |7 stu_us_auth*stu16576 
100 1 |a Piskunov, Nikolaj Semionovič  |4 aut 
245 1 |a Differenciaľnoje i integraľnoje isčislenije dľa vtuzov. Tom 2 /  |c [aut.]N.S. Piskunov 
250 |a 13. izd. 
260 |a Moskva :  |b Nauka,  |c 1985 
300 |a 560 s 
650 7 |a rovnice diferenciálne  |2 stusub 
650 7 |a Rovnice integrálne  |2 stusub 
996 |b E58142  |c E*58142  |l EE03  |s P  |a 0  |w stu89743_0001